Statistics for Rap lyrics quiz

Click here to take the quiz!

General Stats

  • This quiz has been taken 1,557 times
  • The average score is 5 of 15

Answer Stats

Artist Song Lyric Answer % Correct
EminemLose YourselfThere's vomit on his sweater already: _____ ________mom's spaghetti
85%
Jay-Z99 ProblemsIf you havin' ____ ________ I feel bad for you, songirl problems
69%
BiggieJuicy__ ____ ___ _ _____ / I used to read Word Up magazineIt was all a dream
50%
Wu-Tang ClanC.R.E.A.M.C___ R____ E_______ A_____ M_Cash Rules Everything Around Me
49%
NasN.Y. State of MindI never sleep, cause sleep is the ______ __ _____cousin of death
48%
Melle MelThe MessageDon't push me cause I'm _____ ___ ____close to the edge
45%
Kendrick LamarPoetic JusticeIf I told you that a ______ _____ in a dark room would you trust it?flower bloom
34%
Lil Wayne6 Foot 7 FootReal G's move in silence like _______lasagna
31%
2PacDear MamaYou always was a _____ _____, mamablack queen
29%
2 ChainzMercyI'm drunk and high at the same time, drinking _________ __ ___ ________champagne on the airplane
18%
Public EnemyFight the Power_____ was a hero to most / But he never meant s*** to me you seeElvis
11%
CommonI Used to Love H.E.R.I met this girl when I was ___ _____ ___ten years old
10%
AZLife's a B****But something must have got in us cause all of us ______ __ _______turned to sinners
7%
Aesop RockDaylightLife's not a b****. Life is a _________ _____beautiful woman
6%
Masta KillaDa Mystery of Chessboxin'Homocide's illegal and death is ___ _______the penalty
5%

Score Distribution

Percentile by Number Answered

Percent of People with Each Score

Your Score History

You have not taken this quiz